Dark Souls 3 Bosses - Statistics

General Stats
  • This quiz has been taken 2,088 times
    2,046 since last reset
  • The average score is 19 of 25
Answer Stats
Area Name Answer % Correct
Farron Keep Abyss Watchers
88%
Archdragon Peak King of the Storm/Nameless King
88%
High Wall of Lothric Vordt of the Boreal Valley
87%
Cathedral of the Deep Deacons of the Deep
84%
Kiln of the First Flame Soul of Cinder
84%
Untended Graves Champion Gundyr
83%
Cemetery of Ash Iudex Gundyr
83%
The Ringed City Slave Knight Gael
83%
High Wall of Lothric Dancer of the Boreal Valley
81%
Profaned Capital Yhorm the Giant
81%
Anor Londo Aldrich, Devourer of Gods
78%
Road of Sacrifices Crystal Sage
78%
Irithyll of the Boreal Valley Pontiff Sulyvahn
78%
Painted World of Ariandel Sister Friede
78%
Catacombs of Carthus High Lord Wolnir
77%
Smouldering Lake Old Demon King
77%
The Ringed City Darkeater Midir
76%
Consumed King's Garden Oceiros, the Consumed King
74%
Lothric Castle Dragonslayer Armor
73%
The Dreg Heap Demon Prince
71%
Archdragon Peak Ancient Wyvern
68%
Undead Settlement Curse-Rotted Greatwood
64%
The Ringed City Halflight, Spear of the Church
50%
Grand Archives Lothric, Younger Prince & Lorian, Elder Prince
47%
Painted World of Ariandel Champion's Gravetender & Gravetender Greatwolf
46%
No matching quizzes found
Score Distribution
Percent of People with Each Score
Percentile by Number Answered
Your Score History
You have not taken this quiz since the last reset